| 000 | 01957nam a2200301 i 4500 | ||
|---|---|---|---|
| 001 | 000020451 | ||
| 003 | DO-SdBNP | ||
| 005 | 20250731131909.0 | ||
| 007 | ta | ||
| 008 | 250127s2016 dr 000 0 spa d | ||
| 020 | _a9789945902341 | ||
| 040 |
_aDO-SdBNP _bspa _cBNPHU _erda |
||
| 041 | _aspa | ||
| 082 | 4 |
_aRD863.44 _bM665 _222 |
|
| 245 | 0 | 3 |
_aLa minificción en Santo Domingo : _buna muestra de escritura posmoderna / _cselección y prólogo, Lauro Zavala. |
| 264 | 4 |
_aSanto Domingo, República Dominicana : _bEditora Nacional, _c©2016. |
|
| 300 |
_a179 páginas : _bilustraciones, retratos ; _c24 cm. |
||
| 336 |
_atexto _btxt _2rdacontent |
||
| 337 |
_asin mediación _bn _2rdamedia |
||
| 338 |
_avolumen _bnc _2rdacarrier |
||
| 500 | _aIncluye datos biográficos del prologuista en la solapa de la cubierta. | ||
| 505 | _aPrólogo. La riqueza de la brevedad, 13.-- Emelda Ramos, 17.-- Yan Fuei Liao, 21.-- Jaime Tatem Brache, 25.-- Eduardo Gautreaux de Windt, 31.-- Camelia Michel, 35.-- Héctor Santana, 41.-- Inés García, 45.-- Iván Payano, 49.-- Bienvenida Mendoza B, 53.-- Bryan Luis, 57.-- Claret Martínez, 61.-- Valentín Amaro, 65.-- Daniel Olivo Polanco Valerio, 71.-- Diego López, 77.-- Eugenio Camacho, 83.-- Jesús Alcedo Sánchez, 89.-- Jimmy Féliz, 97.-- José Luis Moronta, 101.-- José Maximiliano Cimarro, 107.-- Juan José Namnún Tavárez, 111.-- Laura Sánchez, 115.-- Mildred del Pilar de los Santos, 121.-- Elly E. Alcántara P., 125.-- Clara Mercado, 129.-- Orly Diane Rodríguez, 133.-- Roxana Delgado, 139.-- Ruth Rodríguez, 143.-- Yirbett Joseph V., 147.-- Eulogio Javier, 151.-- Rodolfo Báez, 155.-- Niurca Herrera, 161.-- Francis Santos, 165.-- Ana Rosa Pérez, 169.-- Basilio Belliard, 175. | ||
| 590 | _aInventariado, 2025/ YL | ||
| 650 | 0 |
_aLiteratura dominicana. _967 |
|
| 700 | 1 | 2 |
_aZavala, Lauro, _eprologuista _4pr. _911929 |
| 910 | _aYLockward. Validado. Control de Calidad/MAA | ||
| 942 |
_2ddc _cLBS1 |
||
| 999 |
_c19955 _d19955 |
||